'EL' or 'LE'? Quiz Stats

Quiz Updated Dec 5, 2015

Also try: 'EA' or 'IA'?
Challenge
Share
Tweet
Embed
Score 0/30 Timer 03:00
4 Plays Today
Word 'EL' or 'LE' % Correct
Parall__???
96%
Personn__???
96%
Adorab__???
95.6%
Triang__???
95.1%
Barr__???
94.6%
Tunn__???
94.4%
Gullib__???
94.3%
Icic__???
94%
Broth__???
93.7%
Abominab__???
93.7%
Sporc__???
93.6%
Tentac__???
93.5%
Batt__???
93%
Macker__???
92.8%
Particip__???
91.9%
Word 'EL' or 'LE' % Correct
Shuff__???
91.5%
Canc__???
89.8%
Falaf__???
89.5%
Og__???
89.2%
Beag__???
88.6%
Glockenspi__???
86.9%
Chamomi__???
86%
Yod__???
85.5%
Map__???
83.7%
Zinfand__???
83.6%
Archang__???
80%
Epist__???
78.5%
Nick__???
78.2%
Cudg__???
68.7%
Estopp__???
56.7%

You're not logged in!

Compare scores with friends on all Sporcle quizzes.
Sign Up with Email
OR
Log In

You Might Also Like...

Show Comments

Extras

Top Quizzes Today


Score Distribution

Your Account Isn't Verified!

In order to create a playlist on Sporcle, you need to verify the email address you used during registration. Go to your Sporcle Settings to finish the process.

Report this User

Report this user for behavior that violates our Community Guidelines.

Details: